Ładuje się......

Vivekananda and rural development

Opis bibliograficzny
1. autor: Krishnadas Dey
Język:Undetermined
Hasła przedmiotowe:
LEADER 00506nab a2200157Ia 4500
008 170811c99999999xx |||||||||||| ||und||
100 |a Krishnadas Dey 
245 |a Vivekananda and rural development 
300 |a 54-59 
653 |a  India 
653 |a  Vivekananda 
653 |a Rural Development 
773 |t World Focus   |g Vol. 33 No. 8 (Ausust (392)) 2012 
942 |c ART 
999 |c 179125  |d 179125 
952 |0 0  |1 0  |4 0  |7 0  |9 244973  |a LIB  |b LIB  |d 2017-08-13  |h Vol. 33 No. 8 (Ausust (392)) 2012  |r 2017-08-13  |w 2017-08-13  |y ART